Normal view
MARC view
- Fowler, Mark Felton, Bruce
Entry Personal Name
001 - CONTROL NUMBER
- control field: 78410
003 - CONTROL NUMBER IDENTIFIER
- control field: NUST
005 - DATE AND TIME OF LATEST TRANSACTION
- control field: 20210628210201.0
008 - FIXED-LENGTH DATA ELEMENTS
- fixed length control field: 210628|| aca||aabn | a|a d
040 ## - CATALOGING SOURCE
- Original cataloging agency: NUST
- Transcribing agency: NUST
100 ## - HEADING--PERSONAL NAME
- Personal name: Fowler, Mark Felton, Bruce
670 ## - SOURCE DATA FOUND
- Source citation: Work cat.: (NUST): Fowler, Mark Felton, Bruce, The best worst and most unusual noteworthy achievements events feats and blunders of every conceivable kind, 1976
